|
|
|
|
| LEADER |
00000nam a22000007a 4500 |
| 005 |
20211125220028.0 |
| 007 |
cr|||| |||| |
| 008 |
211125s2020 br |||||s|||| 00||0 por d |
| 020 |
|
|
|a 978-85-8242-415-5
|
| 035 |
|
|
|a 35176
|
| 040 |
|
|
|a vLex
|
| 090 |
|
|
|c 12696
|d 12696
|
| 100 |
1 |
|
|a Dadalto, Luciana
|
| 245 |
1 |
0 |
|a Testamento vital
|h [Recurso electrn̤ico] /
|c Luciana Dadalto
|
| 256 |
|
|
|a Servicio en ln̕ea
|
| 260 |
|
|
|a Indaiatuba:
|b Editora Foco,
|c 2020
|
| 300 |
|
|
|a 1 recurso electrn̤ico
|
| 506 |
1 |
|
|a Disponible solo en los productos indicados
|d vLex Global
|d vLex Global (Academic Edition, excluding Law Schools)
|d vLex Global (U.S. Academic Edition, Law Schools)
|d vLex Global (U.S. Academic Edition, excluding Law Schools)
|d vLex Global (Academic Edition, Law Schools)
|
| 650 |
0 |
4 |
|a Derecho Constitucional
|z Brasil
|
| 740 |
0 |
|
|a vLex Libros (Servicio en ln̕ea)
|
| 856 |
4 |
0 |
|u https://app.vlex.com/#/sources/35176
|z Acceso restringido
|
| 942 |
|
|
|c BOOK
|
| 999 |
0 |
|
|a Constitutional right
|